| 000 | 01470cam a2200241 a 4500 | ||
|---|---|---|---|
| 001 | 3019277 | ||
| 003 | OSt | ||
| 005 | 20260324203121.0 | ||
| 008 | 940202s1992 pe b 000 0 spa | ||
| 040 |
_aCENDOC CAAAP _bspa _cCAAAP |
||
| 050 |
_aHN 113.5 _bG37 |
||
| 100 | 1 |
_aGasché, Jürg _91898 |
|
| 245 | 1 | 0 |
_aReflexiones sobre los alcances del "desarrollo rural" para los pueblos indígenas de la Amazonia / _cJürg Gasché. |
| 260 |
_aLima, Perú : _bUniversidad Nacional Mayor de San Marcos, Facultad de Ciencias Sociales, Escuela Académico Profesional de Antropología, _c1992. |
||
| 300 |
_aiv, 48 p. ; _c29 cm. |
||
| 490 | 1 |
_aLecturas en antropología ; _v1. _aSerie Antropología y ecología |
|
| 520 | 1 |
_a"A critical theoretical reflection on the distance between academic studies of ethnoecology and ethnoagronomy, and indigenous - specifically Huitoto (Colombian Amazon) - concepts of traditional agriculture. Crucial question in light of indigenous organizations' growing interest in economic and ecological development. Provides guidelines for a growing approximation"--Handbook of Latin American Studies, v. 57. _uhttp://www.loc.gov/hlas/ |
|
| 650 | 0 |
_aIndígenas de América del Sur _zPerú _xCondiciones económicas _91780 |
|
| 650 | 0 |
_aIndígenas de América del Sur _zPerú _zAmazonía _xCondiciones económicas _91785 |
|
| 830 | 0 |
_aLecturas en antropología ; _v1. |
|
| 830 | 0 |
_aLecturas en antropología. _pSerie Antropología y ecología. |
|
| 942 |
_2lcc _cBK |
||
| 999 |
_c785 _d785 |
||